MCU Avengers - Statistics

General Stats
  • This quiz has been taken 136 times
  • The average score is 14 of 17
Answer Stats
Answer % Correct
Natasha Romanoff
100%
Bruce Banner
98%
Clint Barton
98%
Sam Wilson
98%
Steve Rogers
98%
Thor Odinson
98%
Tony Stark
98%
Wanda Maximoff
95%
Peter Parker
85%
James Rhodes
80%
Vision
80%
Scott Lang
78%
Pietro Maximoff
74%
Carol Danvers
65%
Rocket Raccoon
42%
Nebula
38%
Okoye
34%
No matching quizzes found
Score Distribution
Percent of People with Each Score
Percentile by Number Answered
Your Score History
You have not taken this quiz